000 01346nam a22003617a 4500
003 CHAP
005 20220329143517.0
008 100316s2009 mx r 00010 spa d
010 _a97754
011 _a98726
035 _a109411
040 _cCHAP
090 _aTesis
100 0 0 _aGarcía García, Ricardo.
_946044
245 1 0 _aValoración de la cobertura del modelo GGAVATT utilizando herramientas de redes sociales
_c/por Ricardo García García
260 _aChapingo, Méx. :
_bEl autor,
_c2009
300 _aix, 89 h. :
_bcuadros, gráfs.
502 _aTesis (Lic. en Economía Agrícola) -- UACH. División de Ciencias Económico Administrativas
590 _aALEPH
_b10
_c20130110
_lUCH01
_h1532
590 _aBATCH-UPD
_b10
_c20130110
_lUCH01
_h1102
590 _aBATCH-UPD
_b10
_c20130410
_lUCH01
_h0655
590 _aBATCH-UPD
_b10
_c20130914
_lUCH01
_h1504
590 _aCONVERSION
_b10
_c20130109
_lUCH01
_h1354
650 1 4 _aGanadería
_xInnovaciones tecnológicas.
_944755
650 1 4 _aGanadería
_xSinaloa.
_944847
650 1 4 _aGanaderos.
_944887
650 1 4 _aTransferencia de tecnología.
_9114619
901 _aBK
911 _aen proceso
942 _cFOLL
949 _aTesis
_bBC
_cTES
_d33724002160538
_eTS1
_gDonaciØn
_h50128
_i109411
_sb
949 _aTesis
_bBC
_cTES
_d33724002160579
_eTS2
_fc.2
_gDonaciØn
_h50129
_i109411
_si
999 _c97754
_d97754